Eintracht Frankfurt Squad 2015-2016 - Statistics

General Stats
  • This quiz has been taken 12 times
  • The average score is 19 of 35
Answer Stats
# Position Nation Player % Correct
1 GK Finland Lukáš Hrádecký
100%
20 MF Japan Makoto Hasebe
100%
5 DF Peru Carlos Zambrano
92%
10 MF Mexico Marco Fabián
92%
22 DF United States Timothy Chandler
92%
9 FW Switzerland Haris Seferović
83%
11 FW Serbia Mijat Gaćinović
83%
- Coach Croatia Niko Kovač
83%
14 FW Germany Alexander Meier
75%
19 DF Argentina David Abraham
75%
15 DF Ivory Coast Constant Djakpa
67%
8 MF Hungary Szabolcs Huszti
67%
- Coach Germany Armin Veh
58%
23 DF Brazil Bamba Anderson
58%
4 DF Germany Marco Russ
58%
16 FW Germany Stefan Aigner
58%
10 FW Czech Republic Václav Kadlec
58%
6 DF Germany Bastian Oczipka
50%
13 GK Austria Heinz Lindner
50%
3 DF Turkey Kaan Ayhan
50%
30 FW Netherlands Luc Castaignos
50%
21 MF Germany Marc Stendera
50%
25 MF Serbia Slobodan Medojević
50%
32 FW Tunisia Änis Ben-Hatira
42%
18 MF Germany Johannes Flum
42%
2 DF Germany Yanni Regäsel
42%
27 DF Serbia Aleksandar Ignjovski
33%
28 MF Germany Sonny Kittel
25%
7 MF Germany Stefan Reinartz
25%
38 FW Kosovo Enis Bunjaki
17%
24 FW Germany Luca Waldschmidt
17%
31 MF Germany David Kinsombi
8%
29 GK Azerbaijan Emil Balayev
8%
32 MF Germany Joel Gerezgiher
8%
33 GK Germany Yannick Zummack
8%
No matching quizzes found
Score Distribution
Percent of People with Each Score
Percentile by Number Answered
Your Score History
You have not taken this quiz